[Event "Vojvodina-chT 2nd League"]
[Site "Backa Palanka"]
[Date "2020.10.20"]
[Round "6.6"]
[White "Vulin, Milorad"]
[Black "Rutesic, Vuk"]
[Result "1/2-1/2"]
[WhiteElo "2041"]
[BlackElo "2124"]
[PlyCount "43"]
[EventDate "2020.10.16"]
[EventType "team-tourn"]
[EventRounds "11"]
[EventCountry "SRB"]
[SourceTitle "EXT 2022"]
[Source "ChessBase"]
[SourceDate "2021.10.06"]
[SourceVersion "1"]
[SourceVersionDate "2021.10.06"]
[SourceQuality "1"]
[WhiteTeam "Krajisnik Krajina"]
[BlackTeam "Sombor"]
[WhiteTeamCountry "SRB"]
[BlackTeamCountry "SRB"]

1. Nf3 Nf6 2. g3 g6 3. Bg2 Bg7 4. c4 0-0 5. Nc3 d6 6. d4 Nbd7 7. 0-0 e5 8. dxe5 Nxe5 9. Nxe5 dxe5 10. Qxd8 Rxd8 11. Bg5 Re8 12. Rad1 h6 13. Bxf6 Bxf6 14. Rd2 c6 15. Ne4 Bg7 16. Rfd1 Be6 17. b3 Rab8 18. h4 f5 19. Nd6 Red8 20. c5 h5 21. Bh3 Bd5 22. f3 1/2-1/2

[Event "Vojvodina-chT 2nd League"]
[Site "Backa Palanka"]
[Date "2020.10.19"]
[Round "5.6"]
[White "Lorinc, Sandor"]
[Black "Vulin, Milorad"]
[Result "1-0"]
[WhiteElo "2157"]
[BlackElo "2041"]
[PlyCount "61"]
[EventDate "2020.10.16"]
[EventType "team-tourn"]
[EventRounds "11"]
[EventCountry "SRB"]
[SourceTitle "EXT 2022"]
[Source "ChessBase"]
[SourceDate "2021.10.06"]
[SourceVersion "1"]
[SourceVersionDate "2021.10.06"]
[SourceQuality "1"]
[WhiteTeam "Senta"]
[BlackTeam "Krajisnik Krajina"]
[WhiteTeamCountry "SRB"]
[BlackTeamCountry "SRB"]

1. d4 Nf6 2. Bf4 g6 3. Nc3 d5 4. e3 c6 5. Bd3 Bg7 6. Nf3 0-0 7. Ne5 Nbd7 8. h4 Nxe5 9. Bxe5 h5 10. f3 Qb6 11. Na4 Qa5+ 12. c3 b5 13. Nc5 b4 14. Qd2 bxc3 15. bxc3 Nd7 16. Nb3 Qb6 17. Bf4 e5 18. Bg3 c5 19. Bc2 c4 20. Nc1 exd4 21. exd4 Re8+ 22. Ne2 Kh8 23. Kf2 Qf6 24. Bf4 Nb6 25. g4 hxg4 26. h5 Bf5 27. hxg6+ Kg8 28. gxf7+ Kxf7 29. Be5 Rxe5 30. dxe5 Qxe5 31. Rh5 1-0

[Event "Vojvodina-chT 2nd League"]
[Site "Backa Palanka"]
[Date "2020.10.16"]
[Round "1.6"]
[White "Stikovic, Dobrica"]
[Black "Vulin, Milorad"]
[Result "1/2-1/2"]
[WhiteElo "2171"]
[BlackElo "2041"]
[PlyCount "113"]
[EventDate "2020.10.16"]
[EventType "team-tourn"]
[EventRounds "11"]
[EventCountry "SRB"]
[SourceTitle "EXT 2022"]
[Source "ChessBase"]
[SourceDate "2021.10.06"]
[SourceVersion "1"]
[SourceVersionDate "2021.10.06"]
[SourceQuality "1"]
[WhiteTeam "Novi Sad Vojvodina"]
[BlackTeam "Krajisnik Krajina"]
[WhiteTeamCountry "SRB"]
[BlackTeamCountry "SRB"]

1. c4 c5 2. Nc3 Nc6 3. Nf3 g6 4. g3 Bg7 5. Bg2 Nf6 6. 0-0 0-0 7. d4 cxd4 8. Nxd4 Nxd4 9. Qxd4 d6 10. Qd3 Qa5 11. h3 Rb8 12. Bd2 Qd8 13. Rfd1 b6 14. Nb5 a6 15. Nd4 Bb7 16. Nc6 Bxc6 17. Bxc6 Nd7 18. Qb3 Ne5 19. Bg2 b5 20. cxb5 Rxb5 21. Qa4 Rxb2 22. Qxa6 Rxd2 23. Rxd2 Nf3+ 24. Bxf3 Bxa1 25. a4 Bc3 26. Rc2 Bd4 27. a5 Qd7 28. Kg2 Rb8 29. Qc4 Bc5 30. Ra2 Qa7 31. e3 e6 32. a6 d5 33. Qc2 Qe7 34. h4 h5 35. Qa4 Ba7 36. Qc6 Qc5 37. Qxc5 Bxc5 38. e4 dxe4 39. Bxe4 Ba7 40. Rc2 Rb6 41. Bb7 Kg7 42. Bc8 Bb8 43. Rd2 Rc6 44. Bb7 Rc7 45. f4 Ba7 46. Rb2 Kf6 47. Bf3 Bd4 48. Ra2 Ba7 49. Rb2 e5 50. fxe5+ Kxe5 51. Rb5+ Kf6 52. Rb2 Kg7 53. Bd5 f6 54. Rb7 Rxb7 55. Bxb7 g5 56. Kf3 gxh4 57. gxh4 1/2-1/2

[Event "Vojvodina-chT"]
[Site "Kac"]
[Date "2016.11.20"]
[Round "9.5"]
[White "Matijevic, Radovan"]
[Black "Vulin, Milorad"]
[Result "1/2-1/2"]
[WhiteElo "2094"]
[BlackElo "2044"]
[PlyCount "97"]
[EventDate "2016.11.15"]
[EventType "team-tourn"]
[EventRounds "11"]
[EventCountry "SRB"]
[SourceTitle "CBM 175 Extra"]
[Source "ChessBase"]
[SourceDate "2016.12.12"]
[SourceVersion "1"]
[SourceVersionDate "2016.12.12"]
[SourceQuality "1"]
[WhiteTeam "Kraljica PTT"]
[BlackTeam "Krajisnik Krajina"]
[WhiteTeamCountry "SRB"]
[BlackTeamCountry "SRB"]

1. c3 Nf6 2. d4 g6 3. Bg5 Bg7 4. e3 0-0 5. Bc4 d5 6. Bb3 c6 7. Ne2 Nbd7 8. 0-0 e5 9. c4 dxc4 10. Bxc4 exd4 11. Nxd4 Qa5 12. Bf4 Ne5 13. Nb3 Qc7 14. Be2 Nd5 15. Bg3 Qe7 16. Nc3 Rd8 17. Nxd5 Rxd5 18. Qc2 Be6 19. Rad1 Rad8 20. Rxd5 Bxd5 21. Nd4 Nd7 22. Rd1 Nb6 23. b3 Be4 24. Qd2 Qd7 25. Qc1 Qe8 26. Nf3 Nd5 27. Bf1 Bxf3 28. gxf3 Nc3 29. Rxd8 Qxd8 30. Qc2 Qd1 31. Qxd1 Nxd1 32. Bd3 Nc3 33. a4 b5 34. axb5 cxb5 35. Bc7 Bf8 36. Be5 b4 37. Bc4 a5 38. Bd3 Bg7 39. Bd6 a4 40. Bxb4 axb3 41. Bxc3 Bxc3 42. f4 Kf8 43. Kf1 Ke7 44. Ke2 f6 45. Bb1 Kd6 46. Kd3 Be1 47. f3 Kc5 48. e4 Bf2 49. Kc3 1/2-1/2

[Event "Vojvodina-chT"]
[Site "Kac"]
[Date "2016.11.20"]
[Round "8.5"]
[White "Vulin, Milorad"]
[Black "Kumic, Filip"]
[Result "0-1"]
[WhiteElo "2044"]
[BlackElo "2313"]
[PlyCount "50"]
[EventDate "2016.11.15"]
[EventType "team-tourn"]
[EventRounds "11"]
[EventCountry "SRB"]
[SourceTitle "CBM 175 Extra"]
[Source "ChessBase"]
[SourceDate "2016.12.12"]
[SourceVersion "1"]
[SourceVersionDate "2016.12.12"]
[SourceQuality "1"]
[WhiteTeam "Krajisnik Krajina"]
[BlackTeam "Backa Pacir"]
[WhiteTeamCountry "SRB"]
[BlackTeamCountry "SRB"]

1. e4 c5 2. Nf3 d6 3. d4 cxd4 4. Nxd4 Nf6 5. Nc3 a6 6. Bc4 e6 7. Bb3 Nbd7 8. f3 Nc5 9. Be3 Qc7 10. Qd2 Be7 11. 0-0-0 Nxb3+ 12. Nxb3 0-0 13. Kb1 b5 14. g4 Bb7 15. h4 b4 16. Ne2 Rfc8 17. h5 Nd7 18. g5 Ne5 19. Ned4 Nc4 20. Qd3 Nxe3 21. Qxe3 a5 22. Rd2 a4 23. Nc1 a3 24. Rg1 axb2 25. Kxb2 Qc3+ 0-1

[Event "Vojvodina-chT"]
[Site "Kac"]
[Date "2016.11.19"]
[Round "7.5"]
[White "Klasan, Vladimir"]
[Black "Vulin, Milorad"]
[Result "1-0"]
[WhiteElo "2387"]
[BlackElo "2044"]
[PlyCount "49"]
[EventDate "2016.11.15"]
[EventType "team-tourn"]
[EventRounds "11"]
[EventCountry "SRB"]
[SourceTitle "CBM 175 Extra"]
[Source "ChessBase"]
[SourceDate "2016.12.12"]
[SourceVersion "1"]
[SourceVersionDate "2016.12.12"]
[SourceQuality "1"]
[WhiteTeam "Omladinac"]
[BlackTeam "Krajisnik Krajina"]
[WhiteTeamCountry "SRB"]
[BlackTeamCountry "SRB"]

1. e4 c5 2. Nf3 g6 3. d4 cxd4 4. Nxd4 Bg7 5. Nc3 Nc6 6. Nde2 Nf6 7. g3 0-0 8. Bg2 d5 9. 0-0 Bd7 10. h3 Rc8 11. Be3 b6 12. Nxd5 Nxd5 13. exd5 Ne5 14. b3 Bb5 15. c4 Ba6 16. Nd4 Bb7 17. Qd2 Nd7 18. Rfe1 Ba8 19. Bh6 Nc5 20. h4 a5 21. Bh3 Nd7 22. Bxg7 Kxg7 23. Qe3 Re8 24. Qc3 Kg8 25. Ne6 1-0

[Event "Vojvodina-chT"]
[Site "Kac"]
[Date "2016.11.19"]
[Round "6.5"]
[White "Vulin, Milorad"]
[Black "Miracola, Giorgia"]
[Result "0-1"]
[WhiteElo "2044"]
[BlackElo "1894"]
[PlyCount "90"]
[EventDate "2016.11.15"]
[EventType "team-tourn"]
[EventRounds "11"]
[EventCountry "SRB"]
[SourceTitle "CBM 175 Extra"]
[Source "ChessBase"]
[SourceDate "2016.12.12"]
[SourceVersion "1"]
[SourceVersionDate "2016.12.12"]
[SourceQuality "1"]
[WhiteTeam "Krajisnik Krajina"]
[BlackTeam "Bora Ivkov"]
[WhiteTeamCountry "SRB"]
[BlackTeamCountry "SRB"]

1. e4 c5 2. Nf3 d6 3. d4 cxd4 4. Nxd4 Nf6 5. Nc3 a6 6. Bc4 e6 7. Bb3 Nbd7 8. Be3 Nc5 9. f3 Qc7 10. Qd2 b5 11. 0-0-0 Bb7 12. Kb1 b4 13. Na4 Qa5 14. Nxc5 dxc5 15. Ne2 Be7 16. Nf4 0-0 17. g4 Qb5 18. Qe2 Qc6 19. Bc4 Nd7 20. Nd3 Nb6 21. Ne5 Qc7 22. Bf4 Bd6 23. Rxd6 Qxd6 24. Ng6 Qd4 25. Ne5 Rfd8 26. Bd3 Na4 27. Nc4 Bc6 28. Be5 Qd7 29. b3 Nc3+ 30. Bxc3 bxc3 31. Nb6 Qb7 32. Nxa8 Qb4 33. Nb6 Qxb6 34. Qe1 Qa5 35. Qc1 Rb8 36. Ka1 Bb5 37. Qe3 c4 38. Qa7 Rd8 39. bxc4 Qa3 40. Rb1 Be8 41. Qb6 Rxd3 42. cxd3 c2 43. Qb2 cxb1Q+ 44. Qxb1 Qc3+ 45. Qb2 Qxd3 0-1

[Event "SRB-ch blind"]
[Site "Nis"]
[Date "2013.04.23"]
[Round "8"]
[White "Tadic, Uros"]
[Black "Vulin, Milorad"]
[Result "0-1"]
[WhiteElo "2044"]
[BlackElo "2074"]
[PlyCount "82"]
[EventDate "2013.04.20"]
[EventType "tourn"]
[EventRounds "9"]
[EventCountry "SRB"]
[SourceTitle "EXT 2014"]
[Source "ChessBase"]
[SourceDate "2013.11.20"]
[SourceVersion "1"]
[SourceVersionDate "2013.11.20"]
[SourceQuality "1"]

1. e4 c5 2. d4 cxd4 3. Nf3 Nc6 4. Bc4 e6 5. 0-0 Qc7 6. Nxd4 a6 7. Nc3 d6 8. Nf3 Nf6 9. Bf4 Ne5 10. Bxe5 dxe5 11. Bd3 Be7 12. Qe2 0-0 13. Nd1 Nd7 14. Ne3 b5 15. c4 Nc5 16. cxb5 Nxd3 17. Qxd3 axb5 18. Rfc1 Qb8 19. a3 Rd8 20. Qc3 Bb7 21. Qxe5 Qxe5 22. Nxe5 Bxe4 23. Nc6 Bxc6 24. Rxc6 g6 25. Rac1 b4 26. Nc4 bxa3 27. bxa3 Bxa3 28. Nxa3 Rxa3 29. Rc8 Rxc8 30. Rxc8+ Kg7 31. g3 h5 32. h4 Kf6 33. Kf1 Kf5 34. Kg2 f6 35. Rc4 e5 36. Rc8 Ra2 37. Rc3 g5 38. Rf3+ Kg6 39. hxg5 fxg5 40. Re3 Kf5 41. Rd3 e4 0-1

[Event "SRB-ch blind"]
[Site "Nis"]
[Date "2013.04.20"]
[Round "1"]
[White "Milosavljevic, Ivan"]
[Black "Vulin, Milorad"]
[Result "1-0"]
[WhiteElo "2001"]
[BlackElo "2074"]
[PlyCount "69"]
[EventDate "2013.04.20"]
[EventType "tourn"]
[EventRounds "9"]
[EventCountry "SRB"]
[SourceTitle "EXT 2014"]
[Source "ChessBase"]
[SourceDate "2013.11.20"]
[SourceVersion "1"]
[SourceVersionDate "2013.11.20"]
[SourceQuality "1"]

1. e4 c5 2. Nf3 a6 3. d4 cxd4 4. Nxd4 d6 5. Nc3 Nf6 6. Be3 g6 7. f4 d5 8. e5 Ng4 9. Bg1 e6 10. Qxg4 Bg7 11. h4 h5 12. Qf3 b5 13. Bd3 Nd7 14. 0-0-0 Nc5 15. g4 Bb7 16. gxh5 Rxh5 17. Qg4 Nxd3+ 18. Rxd3 Qc7 19. Rh2 b4 20. Na4 Bh6 21. Be3 Rc8 22. Nb3 Qc4 23. Nac5 Bc6 24. Bd4 a5 25. Kb1 Qb5 26. Nd2 a4 27. Nf3 Bf8 28. Qg1 Rf5 29. Nxe6 Bh6 30. h5 gxh5 31. Qg8+ Kd7 32. Qh7 Kxe6 33. Qxh6+ Ke7 34. Qd6+ Ke8 35. Rg2 1-0

[Event "IBCA Wch blind 12th"]
[Site "Belgrade"]
[Date "2010.09.01"]
[Round "6.10"]
[White "Nizam, Rasim"]
[Black "Vulin, Milorad"]
[Result "1-0"]
[WhiteElo "2220"]
[BlackElo "2079"]
[PlyCount "116"]
[EventDate "2010.08.26"]
[EventType "swiss"]
[EventRounds "9"]
[EventCountry "SRB"]
[SourceTitle "EXT 2011"]
[Source "ChessBase"]
[SourceDate "2010.11.26"]
[SourceVersion "1"]
[SourceVersionDate "2010.11.26"]
[SourceQuality "1"]

1. e4 c5 2. Nf3 d6 3. d4 cxd4 4. Nxd4 Nf6 5. Nc3 a6 6. Be2 e6 7. Be3 Be7 8. a4 Nc6 9. 0-0 Bd7 10. Nb3 0-0 11. f4 Qc7 12. a5 Rac8 13. Bf3 Nb4 14. Bb6 Qb8 15. g4 Bc6 16. g5 Nd7 17. Be3 d5 18. e5 Bb5 19. Rf2 Nc5 20. Nd4 Bd7 21. Bg2 Nc6 22. Nde2 Qc7 23. Ng3 g6 24. Nge2 Rfd8 25. h4 Nb4 26. Nd4 Rb8 27. h5 b6 28. axb6 Rxb6 29. hxg6 hxg6 30. Bf3 Bf8 31. Rh2 Bg7 32. Qf1 Nc6 33. Qf2 Nxd4 34. Bxd4 Rc8 35. Rb1 Rb4 36. Bxd5 Na4 37. Bb3 Nxc3 38. bxc3 Rb5 39. Ra1 Ra5 40. Rd1 Rb8 41. Qe3 Ba4 42. Bxa4 Rxa4 43. Kf2 Ra2 44. Kg3 Qc6 45. Rhd2 Rc8 46. Rb1 a5 47. Rb6 Qh1 48. Qf3 Qxf3+ 49. Kxf3 Bf8 50. Ke3 a4 51. Ra6 a3 52. Kd3 Ra1 53. c4 Rf1 54. Rf2 Rd1+ 55. Rd2 Rf1 56. Be3 Rf3 57. Ke2 Rh3 58. Rd3 Kg7 1-0

[Event "Belgrade-chT Quality"]
[Site "Belgrade"]
[Date "2008.11.04"]
[Round "4"]
[White "Kerecki, Ljubisa"]
[Black "Vulin, Milorad"]
[Result "1-0"]
[WhiteElo "2174"]
[BlackElo "2092"]
[PlyCount "33"]
[EventDate "2008.11.01"]
[EventType "team-swiss"]
[EventRounds "11"]
[EventCountry "YUG"]
[SourceTitle "CBM 127 Extra"]
[Source "ChessBase"]
[SourceDate "2009.01.08"]
[SourceVersion "2"]
[SourceVersionDate "2009.01.28"]
[SourceQuality "1"]

1. e4 c5 2. Nf3 d6 3. d4 cxd4 4. Nxd4 Nf6 5. Nc3 a6 6. Be2 g6 7. f4 Qc7 8. 0-0 Bg7 9. Be3 0-0 10. g4 e5 11. Nb3 Be6 12. f5 Bc4 13. g5 Bxe2 14. Qxe2 Nh5 15. Nd5 Qd8 16. f6 Bh8 17. Ne7+ 1-0

[Event "IBCA-ol blind 13th"]
[Site "Heraklion"]
[Date "2008.10.26"]
[Round "7.4"]
[White "Zaja, Stjepan"]
[Black "Vulin, Milorad"]
[Result "1/2-1/2"]
[WhiteElo "1815"]
[BlackElo "2092"]
[PlyCount "63"]
[EventDate "2008.10.19"]
[EventType "team-swiss"]
[EventRounds "9"]
[EventCountry "GRE"]
[SourceTitle "EXT 2010"]
[Source "ChessBase"]
[SourceDate "2010.11.25"]
[SourceVersion "1"]
[SourceVersionDate "2010.11.25"]
[SourceQuality "1"]
[WhiteTeam "Croatia (blind)"]
[BlackTeam "Serbia (blind)"]
[WhiteTeamCountry "CRO"]
[BlackTeamCountry "YUG"]

1. d4 Nf6 2. c3 g6 3. Nf3 Bg7 4. g3 0-0 5. Bg2 d6 6. Nbd2 Nbd7 7. 0-0 c5 8. e3 Rb8 9. a4 b6 10. Re1 Bb7 11. e4 e6 12. Nc4 Nxe4 13. Bf4 Ndf6 14. dxc5 e5 15. Be3 bxc5 16. Ng5 Nxg5 17. Bxg5 Bxg2 18. Kxg2 Qc7 19. Qxd6 Qxd6 20. Nxd6 Rxb2 21. Be3 Nd7 22. Rab1 Rfb8 23. Rxb2 Rxb2 24. Ne4 Rb3 25. Rd1 f5 26. Nxc5 Nxc5 27. Bxc5 Rxc3 28. Bxa7 Ra3 29. Rd8+ Kf7 30. Rd7+ Kg8 31. Rd8+ Kf7 32. Rd7+ 1/2-1/2

[Event "IBCA-ol blind 13th"]
[Site "Heraklion"]
[Date "2008.10.25"]
[Round "6.4"]
[White "Vulin, Milorad"]
[Black "Amirkhanov, Muratkan"]
[Result "1-0"]
[WhiteElo "2092"]
[BlackElo "1400"]
[PlyCount "59"]
[EventDate "2008.10.19"]
[EventType "team-swiss"]
[EventRounds "9"]
[EventCountry "GRE"]
[SourceTitle "EXT 2010"]
[Source "ChessBase"]
[SourceDate "2010.11.25"]
[SourceVersion "1"]
[SourceVersionDate "2010.11.25"]
[SourceQuality "1"]
[WhiteTeam "Serbia (blind)"]
[BlackTeam "Kazakhstan (blind)"]
[WhiteTeamCountry "YUG"]
[BlackTeamCountry "KAZ"]

1. e4 g6 2. d4 Bg7 3. f4 d6 4. Nf3 Bg4 5. Be2 Nd7 6. 0-0 e6 7. h3 Bxf3 8. Bxf3 Ne7 9. Be3 c5 10. Nc3 Qb6 11. dxc5 Qxb2 12. Bd4 Bxd4+ 13. Qxd4 0-0 14. cxd6 Nc6 15. Qe3 e5 16. Rab1 Qa3 17. Rxb7 Rfd8 18. Rd1 exf4 19. Qd2 Nce5 20. Rb3 Qc5+ 21. Kh1 Rac8 22. Qxf4 Qa5 23. Nd5 Kg7 24. Bg4 Nxg4 25. hxg4 Qxa2 26. Rh3 h5 27. gxh5 Rh8 28. Rf1 f5 29. Qg5 Ne5 30. Qf6+ 1-0

[Event "IBCA-ol blind 13th"]
[Site "Heraklion"]
[Date "2008.10.22"]
[Round "4.4"]
[White "Vulin, Milorad"]
[Black "Kempis, Jose Alberto"]
[Result "1-0"]
[WhiteElo "2092"]
[BlackElo "1940"]
[PlyCount "99"]
[EventDate "2008.10.19"]
[EventType "team-swiss"]
[EventRounds "9"]
[EventCountry "GRE"]
[SourceTitle "EXT 2010"]
[Source "ChessBase"]
[SourceDate "2010.11.25"]
[SourceVersion "1"]
[SourceVersionDate "2010.11.25"]
[SourceQuality "1"]
[WhiteTeam "Serbia (blind)"]
[BlackTeam "Venezuela (blind)"]
[WhiteTeamCountry "YUG"]
[BlackTeamCountry "VEN"]

1. e4 e6 2. d4 d5 3. Nc3 dxe4 4. Nxe4 Nd7 5. Nf3 Ngf6 6. Bd3 Nxe4 7. Bxe4 Nf6 8. Bd3 Be7 9. 0-0 0-0 10. c3 c5 11. Be3 Nd5 12. Qc2 g6 13. Bh6 Re8 14. Ne5 Bf6 15. Bb5 Re7 16. Ng4 Rc7 17. Rad1 cxd4 18. Rfe1 Bg5 19. Rxd4 Bxh6 20. Rxd5 exd5 21. Re8+ Qxe8 22. Nxh6+ Kg7 23. Bxe8 Re7 24. Bb5 Kxh6 25. f3 Bd7 26. Qd2+ Kg7 27. Qd4+ Kg8 28. Qxd5 Bxb5 29. Qxb5 Rae8 30. Kf2 a6 31. Qd3 Rc7 32. h4 Ree7 33. Qd8+ Kg7 34. Qd4+ Kg8 35. Qf4 Rc6 36. h5 gxh5 37. Qg5+ Kf8 38. Qxh5 h6 39. Qd5 Rce6 40. Qd2 Kg7 41. c4 Re5 42. b4 Kg6 43. c5 h5 44. a3 Kf5 45. Qh6 Re2+ 46. Kg3 Ke5 47. Qxh5+ Kd4 48. Qh6 Kc3 49. c6 R2e6 50. Qc1+ 1-0

[Event "Belgrade tt Cup"]
[Site "Belgrade"]
[Date "2007.04.11"]
[Round "3.5"]
[White "Vulin, Milorad"]
[Black "Petric, Marko"]
[Result "0-1"]
[WhiteElo "2119"]
[BlackElo "2105"]
[PlyCount "132"]
[EventDate "2007.04.09"]
[EventType "team-tourn"]
[EventRounds "5"]
[EventCountry "YUG"]
[SourceTitle "EXT 2008"]
[Source "ChessBase"]
[SourceDate "2007.11.25"]
[SourceVersion "1"]
[SourceVersionDate "2007.11.25"]
[SourceQuality "1"]

1. e4 d5 2. exd5 Qxd5 3. Nf3 Nf6 4. d4 Bg4 5. Be2 e6 6. 0-0 Nc6 7. Nc3 Qh5 8. h3 Bxh3 9. gxh3 Qxh3 10. Bf4 h5 11. Nh2 0-0-0 12. Qd3 Qh4 13. Bg3 Qxd4 14. Qxd4 Nxd4 15. Nf3 Nf5 16. Ne5 Bc5 17. Bh2 Rdf8 18. Bc4 Nd6 19. Bd3 a6 20. Na4 Ba7 21. c4 Nfe4 22. b4 Nd2 23. c5 Nxf1 24. Kxf1 Nb5 25. Rd1 Rhg8 26. Bc4 Na3 27. Bb3 g5 28. Nd7 Rd8 29. Nf6 Rg6 30. Be5 g4 31. Nxh5 b5 32. cxb6 Rxd1+ 33. Bxd1 cxb6 34. Bd4 Rg5 35. Nf4 e5 36. Bb2 Nc4 37. Nd3 e4 38. Bc1 Rd5 39. Bxg4+ f5 40. Nf4 Re5 41. Ng6 fxg4 42. Nxe5 Nxe5 43. Be3 Nc4 44. Ke2 Kd7 45. Nc3 Nxe3 46. fxe3 Ke6 47. Nxe4 Bb8 48. Kf2 Be5 49. a4 Kd5 50. Nd2 b5 51. axb5 axb5 52. Ke2 Bd6 53. Kd3 Bxb4 54. Ne4 Be7 55. Nc3+ Kc5 56. Ke4 Bd6 57. Kd3 Be5 58. Ne4+ Kd5 59. Nd2 b4 60. e4+ Kc5 61. Nb3+ Kb5 62. Nc1 g3 63. Ne2 b3 64. Ng1 g2 65. Nf3 Kb4 66. Kd2 Ka3 0-1

[Event "Belgrade Ada op"]
[Site "Belgrade"]
[Date "2005.08.20"]
[Round "6"]
[White "Vulin, Milorad"]
[Black "Brujic, Bozidar"]
[Result "1-0"]
[WhiteElo "2125"]
[BlackElo "2253"]
[PlyCount "57"]
[EventDate "2005.08.15"]
[EventType "swiss"]
[EventRounds "9"]
[EventCountry "YUG"]
[SourceTitle "CBM 107 Extra"]
[Source "ChessBase"]
[SourceDate "2005.09.01"]
[SourceVersion "1"]
[SourceVersionDate "2005.09.01"]
[SourceQuality "1"]

1. e4 e5 2. Nf3 Nc6 3. Bb5 a6 4. Ba4 Nf6 5. 0-0 Be7 6. Re1 b5 7. Bb3 d6 8. h3 0-0 9. c3 Na5 10. Bc2 c5 11. d4 Qc7 12. a4 Bd7 13. Nbd2 cxd4 14. cxd4 Nc6 15. b3 Nb4 16. Bb1 Qc3 17. Ra3 exd4 18. Nf1 Nc6 19. Ra2 bxa4 20. Rxa4 Rfb8 21. Nxd4 Nxd4 22. Rxd4 Qxb3 23. Bc2 Qc3 24. Rd3 Qc6 25. Ba3 Rb6 26. e5 Ne8 27. exd6 Bf8 28. Rd4 Nxd6 29. Bxd6 1-0

[Event "Belgrade Ada op"]
[Site "Belgrade"]
[Date "2005.08.16"]
[Round "2"]
[White "Jovanovic, Zoran"]
[Black "Vulin, Milorad"]
[Result "1/2-1/2"]
[WhiteElo "2330"]
[BlackElo "2125"]
[PlyCount "101"]
[EventDate "2005.08.15"]
[EventType "swiss"]
[EventRounds "9"]
[EventCountry "YUG"]
[SourceTitle "CBM 107 Extra"]
[Source "ChessBase"]
[SourceDate "2005.09.01"]
[SourceVersion "1"]
[SourceVersionDate "2005.09.01"]
[SourceQuality "1"]

1. d4 Nf6 2. c4 g6 3. Nc3 Bg7 4. e4 d6 5. Be2 Nbd7 6. Bg5 c5 7. d5 0-0 8. Qd2 b5 9. cxb5 a6 10. Nf3 axb5 11. Bxb5 Ba6 12. Bxa6 Rxa6 13. 0-0 Qa5 14. Qc2 Rb6 15. Nd1 Rfb8 16. h3 Qb4 17. Nd2 Ra6 18. Nc4 Nb6 19. Nde3 h6 20. Bh4 g5 21. Bg3 Nh5 22. Bh2 Nxc4 23. Nxc4 Nf4 24. Rfd1 Ng6 25. Bg3 Bd4 26. Kh1 Ne5 27. Bxe5 dxe5 28. Rf1 Kg7 29. g3 Qb7 30. f4 exf4 31. gxf4 gxf4 32. Rxf4 Rg6 33. Raf1 f6 34. b3 Qd7 35. Qd3 Rg8 36. Rh4 Kh7 37. Qd2 Qc7 38. d6 exd6 39. Qf4 Be5 40. Qf5 Qc8 41. Ne3 Qxf5 42. Nxf5 Ra8 43. Rf2 c4 44. bxc4 Rb8 45. Rg4 Rxg4 46. hxg4 Rb1+ 47. Kg2 Rc1 48. Rd2 Rxc4 49. Nxd6 Bxd6 50. Rxd6 Rxe4 51. Kf3 1/2-1/2

[Event "IBCA World Cup 5th"]
[Site "Eretria"]
[Date "2005.07.20"]
[Round "8.3"]
[White "Pirosca, Alexandru"]
[Black "Vulin, Milorad"]
[Result "1/2-1/2"]
[WhiteElo "2116"]
[BlackElo "2125"]
[PlyCount "46"]
[EventDate "2005.07.13"]
[EventType "team"]
[EventRounds "8"]
[EventCountry "GRE"]
[SourceTitle "EXT 2006"]
[Source "ChessBase"]
[SourceDate "2005.11.24"]
[SourceVersion "1"]
[SourceVersionDate "2005.11.24"]
[SourceQuality "1"]

1. e4 c5 2. Nf3 d6 3. d4 cxd4 4. Nxd4 Nf6 5. Nc3 a6 6. Be3 g6 7. f3 Nc6 8. Qd2 d5 9. exd5 Nxd5 10. Nxc6 bxc6 11. Bd4 Nf6 12. Ne4 Bg7 13. Nxf6+ exf6 14. Be2 Be6 15. Rd1 0-0 16. 0-0 Re8 17. Rfe1 f5 18. Bxg7 Qxd2 19. Rxd2 Kxg7 20. b3 a5 21. a4 Rad8 22. Red1 Rxd2 23. Rxd2 Kf6 1/2-1/2

[Event "IBCA World Cup 5th"]
[Site "Eretria"]
[Date "2005.07.16"]
[Round "4.3"]
[White "Vulin, Milorad"]
[Black "Vojan, Istvan"]
[Result "1-0"]
[WhiteElo "2125"]
[BlackElo "2074"]
[PlyCount "70"]
[EventDate "2005.07.13"]
[EventType "team"]
[EventRounds "8"]
[EventCountry "GRE"]
[SourceTitle "EXT 2006"]
[Source "ChessBase"]
[SourceDate "2005.11.24"]
[SourceVersion "1"]
[SourceVersionDate "2005.11.24"]
[SourceQuality "1"]

1. e4 c5 2. Nf3 d6 3. d4 cxd4 4. Nxd4 Nf6 5. Nc3 g6 6. Bc4 Bg7 7. Bb3 0-0 8. f3 Nc6 9. Be3 Bd7 10. Qd2 Qb8 11. 0-0-0 b5 12. g4 a5 13. Nxc6 Bxc6 14. Nd5 Qb7 15. a3 Rfc8 16. Nb6 a4 17. Bd5 Rab8 18. Nxc8 Rxc8 19. h4 Bxd5 20. exd5 Rc4 21. Qa5 Nd7 22. Qd8+ Bf8 23. Rd4 Rc8 24. Qa5 Nc5 25. Kb1 Bg7 26. Rd2 Ra8 27. Qb4 Na6 28. Qe4 b4 29. axb4 Nxb4 30. Bd4 Bxd4 31. Qxd4 Rb8 32. c3 Na6 33. h5 Nc5 34. hxg6 fxg6 35. Rxh7 e5 1-0

[Event "IBCA World Cup 5th"]
[Site "Eretria"]
[Date "2005.07.13"]
[Round "1.3"]
[White "Vulin, Milorad"]
[Black "Pohlers, Juergen"]
[Result "1/2-1/2"]
[WhiteElo "2125"]
[BlackElo "2106"]
[PlyCount "134"]
[EventDate "2005.07.13"]
[EventType "team"]
[EventRounds "8"]
[EventCountry "GRE"]
[SourceTitle "EXT 2006"]
[Source "ChessBase"]
[SourceDate "2005.11.24"]
[SourceVersion "1"]
[SourceVersionDate "2005.11.24"]
[SourceQuality "1"]

1. e4 c5 2. Nf3 Nc6 3. d4 cxd4 4. Nxd4 Nf6 5. Nc3 e5 6. Ndb5 d6 7. Bg5 a6 8. Na3 b5 9. Nd5 Be7 10. Nxe7 Qxe7 11. c3 Be6 12. Nc2 0-0 13. Bxf6 Qxf6 14. Qxd6 Rac8 15. Qd1 Qg6 16. Qf3 f5 17. Qg3 Qh6 18. exf5 Rxf5 19. Qe3 Rf4 20. g3 Bd5 21. gxf4 exf4 22. Qh3 Re8+ 23. Kd2 Bxh1 24. Qxh6 gxh6 25. a4 Rd8+ 26. Nd4 Na5 27. Bd3 Be4 28. Rg1+ Bg6 29. Bxg6 hxg6 30. Rxg6+ Kh7 31. Rxa6 Nb3+ 32. Ke2 Nxd4+ 33. cxd4 Rxd4 34. axb5 Rb4 35. Rb6 Rxb2+ 36. Kf3 Kg7 37. Rb8 Kf6 38. b6 h5 39. Ke4 Ke6 40. Rh8 Rb4+ 41. Kf3 Kf6 42. Rxh5 Kg6 43. Re5 Rxb6 44. Kxf4 Rf6+ 45. Kg3 Ra6 46. h4 Ra4 47. h5+ Kh6 48. f4 Ra1 49. Kg4 Rg1+ 50. Kf3 Rf1+ 51. Ke4 Rf2 52. Rg5 Ra2 53. Kf5 Rh2 54. Kf6 Ra2 55. Kf5 Rh2 56. Rg6+ Kh7 57. Kf6 Ra2 58. f5 Ra6+ 59. Kg5 Ra7 60. Rh6+ Kg8 61. Rb6 Ra1 62. Rb7 Ra6 63. f6 Ra1 64. Rg7+ Kh8 65. h6 Rg1+ 66. Kf5 Rf1+ 67. Kg6 Rxf6+ 1/2-1/2